<?xml version="1.0" encoding="UTF-8"?>
<record
    xmlns:xsi="http://www.w3.org/2001/XMLSchema-instance"
    xsi:schemaLocation="http://www.loc.gov/MARC21/slim http://www.loc.gov/standards/marcxml/schema/MARC21slim.xsd"
    xmlns="http://www.loc.gov/MARC21/slim">

  <leader>01068nam a2200313 a 4500</leader>
  <datafield tag="952" ind1=" " ind2=" ">
    <subfield code="0">0</subfield>
    <subfield code="1">0</subfield>
    <subfield code="2">ddc</subfield>
    <subfield code="4">0</subfield>
    <subfield code="7">0</subfield>
    <subfield code="8">NFIC</subfield>
    <subfield code="a">ASL</subfield>
    <subfield code="b">ASL</subfield>
    <subfield code="c">ASBP</subfield>
    <subfield code="d">2016-12-22</subfield>
    <subfield code="e">ASB Publications</subfield>
    <subfield code="h">ASP-045</subfield>
    <subfield code="l">0</subfield>
    <subfield code="o">332.76 ISC</subfield>
    <subfield code="p">100231</subfield>
    <subfield code="r">2016-12-22 00:00:00</subfield>
    <subfield code="t">C-1</subfield>
    <subfield code="w">2016-12-22</subfield>
    <subfield code="y">BK</subfield>
    <subfield code="z">RARE</subfield>
  </datafield>
  <datafield tag="952" ind1=" " ind2=" ">
    <subfield code="0">0</subfield>
    <subfield code="1">0</subfield>
    <subfield code="2">ddc</subfield>
    <subfield code="4">0</subfield>
    <subfield code="7">0</subfield>
    <subfield code="8">NFIC</subfield>
    <subfield code="a">ASL</subfield>
    <subfield code="b">ASL</subfield>
    <subfield code="c">GEN</subfield>
    <subfield code="d">2016-12-22</subfield>
    <subfield code="e">ASB Publications</subfield>
    <subfield code="h">ASP-045</subfield>
    <subfield code="l">0</subfield>
    <subfield code="o">332.76 ISC</subfield>
    <subfield code="p">100232</subfield>
    <subfield code="r">2016-12-22 00:00:00</subfield>
    <subfield code="t">C-2</subfield>
    <subfield code="w">2016-12-22</subfield>
    <subfield code="y">BK</subfield>
    <subfield code="z">RARE</subfield>
  </datafield>
  <datafield tag="952" ind1=" " ind2=" ">
    <subfield code="0">0</subfield>
    <subfield code="1">0</subfield>
    <subfield code="2">ddc</subfield>
    <subfield code="4">0</subfield>
    <subfield code="7">0</subfield>
    <subfield code="8">NFIC</subfield>
    <subfield code="a">ASL</subfield>
    <subfield code="b">ASL</subfield>
    <subfield code="c">GEN</subfield>
    <subfield code="d">2016-12-22</subfield>
    <subfield code="e">ASB Publications</subfield>
    <subfield code="h">ASP-045</subfield>
    <subfield code="l">0</subfield>
    <subfield code="o">332.76 ISC</subfield>
    <subfield code="p">100233</subfield>
    <subfield code="r">2016-12-22 00:00:00</subfield>
    <subfield code="t">C-3</subfield>
    <subfield code="w">2016-12-22</subfield>
    <subfield code="y">BK</subfield>
    <subfield code="z">RARE</subfield>
  </datafield>
  <datafield tag="952" ind1=" " ind2=" ">
    <subfield code="0">0</subfield>
    <subfield code="1">0</subfield>
    <subfield code="2">ddc</subfield>
    <subfield code="4">0</subfield>
    <subfield code="7">0</subfield>
    <subfield code="8">NFIC</subfield>
    <subfield code="a">ASL</subfield>
    <subfield code="b">ASL</subfield>
    <subfield code="c">GEN</subfield>
    <subfield code="d">2016-12-22</subfield>
    <subfield code="e">ASB Publications</subfield>
    <subfield code="h">ASP-045</subfield>
    <subfield code="l">0</subfield>
    <subfield code="o">332.76 ISC</subfield>
    <subfield code="p">100234</subfield>
    <subfield code="r">2016-12-22 00:00:00</subfield>
    <subfield code="t">C-4</subfield>
    <subfield code="w">2016-12-22</subfield>
    <subfield code="y">BK</subfield>
    <subfield code="z">RARE</subfield>
  </datafield>
  <datafield tag="952" ind1=" " ind2=" ">
    <subfield code="0">0</subfield>
    <subfield code="1">0</subfield>
    <subfield code="2">ddc</subfield>
    <subfield code="4">0</subfield>
    <subfield code="7">0</subfield>
    <subfield code="8">NFIC</subfield>
    <subfield code="a">ASL</subfield>
    <subfield code="b">ASL</subfield>
    <subfield code="c">GEN</subfield>
    <subfield code="d">2016-12-22</subfield>
    <subfield code="e">ASB Publications</subfield>
    <subfield code="h">ASP-045</subfield>
    <subfield code="l">0</subfield>
    <subfield code="o">332.76 ISC</subfield>
    <subfield code="p">100235</subfield>
    <subfield code="r">2016-12-22 00:00:00</subfield>
    <subfield code="t">C-5</subfield>
    <subfield code="w">2016-12-22</subfield>
    <subfield code="y">BK</subfield>
    <subfield code="z">RARE</subfield>
  </datafield>
  <datafield tag="952" ind1=" " ind2=" ">
    <subfield code="0">0</subfield>
    <subfield code="1">0</subfield>
    <subfield code="2">ddc</subfield>
    <subfield code="4">0</subfield>
    <subfield code="7">0</subfield>
    <subfield code="8">NFIC</subfield>
    <subfield code="a">ASL</subfield>
    <subfield code="b">ASL</subfield>
    <subfield code="c">GEN</subfield>
    <subfield code="d">2021-01-23</subfield>
    <subfield code="e">ASB Publications</subfield>
    <subfield code="h">ASP-045</subfield>
    <subfield code="l">0</subfield>
    <subfield code="o">332.76 ISC</subfield>
    <subfield code="p">104624</subfield>
    <subfield code="r">2021-01-23 00:00:00</subfield>
    <subfield code="t">C-6</subfield>
    <subfield code="w">2021-01-23</subfield>
    <subfield code="y">BK</subfield>
    <subfield code="z">RARE</subfield>
  </datafield>
  <datafield tag="952" ind1=" " ind2=" ">
    <subfield code="0">0</subfield>
    <subfield code="1">0</subfield>
    <subfield code="2">ddc</subfield>
    <subfield code="4">0</subfield>
    <subfield code="7">0</subfield>
    <subfield code="8">NFIC</subfield>
    <subfield code="a">ASL</subfield>
    <subfield code="b">ASL</subfield>
    <subfield code="c">GEN</subfield>
    <subfield code="d">2021-01-23</subfield>
    <subfield code="e">ASB Publications</subfield>
    <subfield code="h">ASP-045</subfield>
    <subfield code="l">0</subfield>
    <subfield code="o">332.76 ISC</subfield>
    <subfield code="p">104625</subfield>
    <subfield code="r">2021-01-23 00:00:00</subfield>
    <subfield code="t">C-7</subfield>
    <subfield code="w">2021-01-23</subfield>
    <subfield code="y">BK</subfield>
    <subfield code="z">RARE</subfield>
  </datafield>
  <datafield tag="952" ind1=" " ind2=" ">
    <subfield code="0">0</subfield>
    <subfield code="1">0</subfield>
    <subfield code="2">ddc</subfield>
    <subfield code="4">0</subfield>
    <subfield code="7">0</subfield>
    <subfield code="8">NFIC</subfield>
    <subfield code="a">ASL</subfield>
    <subfield code="b">ASL</subfield>
    <subfield code="c">GEN</subfield>
    <subfield code="d">2021-01-23</subfield>
    <subfield code="e">ASB Publications</subfield>
    <subfield code="h">ASP-045</subfield>
    <subfield code="l">0</subfield>
    <subfield code="o">332.76 ISC</subfield>
    <subfield code="p">104626</subfield>
    <subfield code="r">2021-01-23 00:00:00</subfield>
    <subfield code="t">C-8</subfield>
    <subfield code="w">2021-01-23</subfield>
    <subfield code="y">BK</subfield>
    <subfield code="z">RARE</subfield>
  </datafield>
  <datafield tag="952" ind1=" " ind2=" ">
    <subfield code="0">0</subfield>
    <subfield code="1">0</subfield>
    <subfield code="2">ddc</subfield>
    <subfield code="4">0</subfield>
    <subfield code="7">0</subfield>
    <subfield code="8">NFIC</subfield>
    <subfield code="a">ASL</subfield>
    <subfield code="b">ASL</subfield>
    <subfield code="c">GEN</subfield>
    <subfield code="d">2021-01-23</subfield>
    <subfield code="e">ASB Publications</subfield>
    <subfield code="h">ASP-045</subfield>
    <subfield code="l">0</subfield>
    <subfield code="o">332.76 ISC</subfield>
    <subfield code="p">104627</subfield>
    <subfield code="r">2021-01-23 00:00:00</subfield>
    <subfield code="t">C-9</subfield>
    <subfield code="w">2021-01-23</subfield>
    <subfield code="y">BK</subfield>
    <subfield code="z">RARE</subfield>
  </datafield>
  <datafield tag="952" ind1=" " ind2=" ">
    <subfield code="0">0</subfield>
    <subfield code="1">0</subfield>
    <subfield code="2">ddc</subfield>
    <subfield code="4">0</subfield>
    <subfield code="7">0</subfield>
    <subfield code="8">NFIC</subfield>
    <subfield code="a">ASL</subfield>
    <subfield code="b">ASL</subfield>
    <subfield code="c">GEN</subfield>
    <subfield code="d">2021-01-23</subfield>
    <subfield code="e">ASB Publications</subfield>
    <subfield code="h">ASP-045</subfield>
    <subfield code="l">0</subfield>
    <subfield code="o">332.76 ISC</subfield>
    <subfield code="p">104628</subfield>
    <subfield code="r">2021-01-23 00:00:00</subfield>
    <subfield code="t">C-10</subfield>
    <subfield code="w">2021-01-23</subfield>
    <subfield code="y">BK</subfield>
    <subfield code="z">RARE</subfield>
  </datafield>
  <datafield tag="952" ind1=" " ind2=" ">
    <subfield code="0">0</subfield>
    <subfield code="1">0</subfield>
    <subfield code="2">ddc</subfield>
    <subfield code="4">0</subfield>
    <subfield code="7">0</subfield>
    <subfield code="8">NFIC</subfield>
    <subfield code="a">ASL</subfield>
    <subfield code="b">ASL</subfield>
    <subfield code="c">GEN</subfield>
    <subfield code="d">2021-01-23</subfield>
    <subfield code="e">ASB Publications</subfield>
    <subfield code="h">ASP-045</subfield>
    <subfield code="l">0</subfield>
    <subfield code="o">332.76 ISC</subfield>
    <subfield code="p">104629</subfield>
    <subfield code="r">2021-01-23 00:00:00</subfield>
    <subfield code="t">C-11</subfield>
    <subfield code="w">2021-01-23</subfield>
    <subfield code="y">BK</subfield>
    <subfield code="z">RARE</subfield>
  </datafield>
  <datafield tag="952" ind1=" " ind2=" ">
    <subfield code="0">0</subfield>
    <subfield code="1">0</subfield>
    <subfield code="2">ddc</subfield>
    <subfield code="4">0</subfield>
    <subfield code="7">0</subfield>
    <subfield code="8">NFIC</subfield>
    <subfield code="a">ASL</subfield>
    <subfield code="b">ASL</subfield>
    <subfield code="c">GEN</subfield>
    <subfield code="d">2021-01-23</subfield>
    <subfield code="e">ASB Publications</subfield>
    <subfield code="h">ASP-045</subfield>
    <subfield code="l">0</subfield>
    <subfield code="o">332.76 ISC</subfield>
    <subfield code="p">104630</subfield>
    <subfield code="r">2021-01-23 00:00:00</subfield>
    <subfield code="t">C-12</subfield>
    <subfield code="w">2021-01-23</subfield>
    <subfield code="y">BK</subfield>
    <subfield code="z">RARE</subfield>
  </datafield>
  <datafield tag="999" ind1=" " ind2=" ">
    <subfield code="c">17538</subfield>
    <subfield code="d">17538</subfield>
  </datafield>
  <controlfield tag="001">4783575</controlfield>
  <controlfield tag="003">BDDh-ASL</controlfield>
  <controlfield tag="005">20231015025552.0</controlfield>
  <controlfield tag="008">161222s1985    bg       bi   001 0 eng |</controlfield>
  <datafield tag="010" ind1=" " ind2=" ">
    <subfield code="a">   86900532 </subfield>
  </datafield>
  <datafield tag="020" ind1=" " ind2=" ">
    <subfield code="c">Tk50.00 ($5.00 U.S.)</subfield>
  </datafield>
  <datafield tag="025" ind1=" " ind2=" ">
    <subfield code="a">B E 4344</subfield>
  </datafield>
  <datafield tag="040" ind1=" " ind2=" ">
    <subfield code="a">DLC</subfield>
    <subfield code="c">BDDh-ASL</subfield>
    <subfield code="d">BDDh-ASL</subfield>
  </datafield>
  <datafield tag="043" ind1=" " ind2=" ">
    <subfield code="a">a-iq---</subfield>
  </datafield>
  <datafield tag="050" ind1="0" ind2="0">
    <subfield code="a">QK575.I72</subfield>
    <subfield code="b">N87 1985</subfield>
  </datafield>
  <datafield tag="082" ind1="0" ind2="0">
    <subfield code="a">332.76</subfield>
    <subfield code="b">ISC</subfield>
  </datafield>
  <datafield tag="100" ind1="2" ind2=" ">
    <subfield code="a">Nurul Islam, A. K. M.</subfield>
    <subfield code="9">181</subfield>
  </datafield>
  <datafield tag="245" ind1="1" ind2="0">
    <subfield code="a">Check list of algae, with a note on the limnological and oceanographic studies in Iraq, 1942-1982 /</subfield>
    <subfield code="c">A.K.M. Nurul Islam and Hameed A. Hameed.</subfield>
  </datafield>
  <datafield tag="260" ind1=" " ind2=" ">
    <subfield code="a">Dhaka, Bangladesh :</subfield>
    <subfield code="b">Asiatic Society of Bangladesh,</subfield>
    <subfield code="c">1985.</subfield>
  </datafield>
  <datafield tag="300" ind1=" " ind2=" ">
    <subfield code="a">63 p. :</subfield>
    <subfield code="c">25 cm.</subfield>
  </datafield>
  <datafield tag="440" ind1=" " ind2=" ">
    <subfield code="a">Asiatic Society of Bangladesh publication;</subfield>
    <subfield code="9">182</subfield>
    <subfield code="v">no. 45</subfield>
  </datafield>
  <datafield tag="504" ind1=" " ind2=" ">
    <subfield code="a">Bibliography: p. 59-63.</subfield>
  </datafield>
  <datafield tag="650" ind1=" " ind2="0">
    <subfield code="a">Algae</subfield>
    <subfield code="z">Iraq.</subfield>
    <subfield code="9">183</subfield>
  </datafield>
  <datafield tag="650" ind1=" " ind2="0">
    <subfield code="a">Algae</subfield>
    <subfield code="z">Iraq</subfield>
    <subfield code="x">Indexes.</subfield>
    <subfield code="9">184</subfield>
  </datafield>
  <datafield tag="650" ind1=" " ind2="0">
    <subfield code="a">Limnology</subfield>
    <subfield code="z">Iraq.</subfield>
    <subfield code="9">185</subfield>
  </datafield>
  <datafield tag="700" ind1="1" ind2=" ">
    <subfield code="a">Hameed, Hameed A.</subfield>
    <subfield code="q">(Hameed Abbas)</subfield>
    <subfield code="9">186</subfield>
  </datafield>
  <datafield tag="906" ind1=" " ind2=" ">
    <subfield code="a">7</subfield>
    <subfield code="b">cbc</subfield>
    <subfield code="c">orignew</subfield>
    <subfield code="d">3</subfield>
    <subfield code="e">ncip</subfield>
    <subfield code="f">19</subfield>
    <subfield code="g">y-gencatlg</subfield>
  </datafield>
  <datafield tag="942" ind1=" " ind2=" ">
    <subfield code="2">ddc</subfield>
    <subfield code="c">BK</subfield>
  </datafield>
</record>
